[Event "NOR-chT Eliteserien 2018-19"]
[Site "Norway"]
[Date "2018.11.03"]
[Round "2.26"]
[White "Hauge, Lars Oskar"]
[Black "David, Edwin"]
[Result "1-0"]
[WhiteElo "2449"]
[BlackElo "2218"]
[Annotator "TA"]
[PlyCount "65"]
[EventDate "2018.11.02"]
[EventType "team-tourn"]
[EventCountry "NOR"]

{[%evp 13,65,-33,-52,-65,-57,-71,-66,-109,-100,-105,-115,-100,-109,-133,-62,-57,-58,-65,-80,-68,-67,-63,0,0,0,0,0,0,0,-57,0,0,0,0,0,-30,-13,-14,-10,-4,-22,-63,-54,-122,-58,-72,256,241,379,117,95,74,637,636]} 1. d4 c5 2. d5 g6 3. e4 d6 4. Nc3 Bg7 5. f4 Nf6 6. Nf3 O-O 7. e5 {A43: Schmid Benoni} (7. Bd3 e6 8. dxe6 Bxe6 9. f5 gxf5 10. exf5 Bd7 11. O-O Bc6 12. Bg5 Nbd7 13. Bc4 h6 14. Bh4 Nb6 15. Bb5 Re8 {½-½ (35) Radjabov,T (2734)-Van Wely,L (2667) Wijk aan Zee 2015}) 7... Ne8 {LiveBook: 3 Games} 8. Bc4 Bg4 9. e6 {Black is slightly better.} fxe6 10. dxe6 $146 ({Predecessor:} 10. h3 Bxf3 11. Qxf3 e5 12. h4 exf4 13. h5 g5 14. h6 Bf6 {0-1 (34) Razuvaev,Y-Chernin,A Sochi (Russia) 1968}) 10... Nc7 11. h3 Bxf3 ({Much weaker is} 11... Bxe6 12. Bxe6+ Nxe6 13. Qd5 $11) 12. Qxf3 Nc6 13. O-O Ne5 (13... Nd4 $17 14. Qxb7 Nxc2) 14. Qe2 $15 Nxc4 15. Qxc4 Bd4+ 16. Kh1 d5 17. Qe2 Rf6 (17... Bg7 $15) 18. f5 $1 $11 gxf5 19. Bg5 Rxe6 20. Qd3 Rg6 21. Qxf5 (21. Rxf5 $11 Qd7 22. Raf1) 21... Bf6 ({Black should play} 21... Qe8 $1 $15) 22. Bxf6 Rxf6 23. Qh5 e6 24. Qe5 Ne8 25. Ne2 Rc8 26. Nf4 $36 {[%mdl 2048] White is pushing.} Ng7 27. Rf3 {White wants to play Rg3.} Rf5 28. Qe2 (28. Qxg7+ $15 Kxg7 29. Nxe6+ Kf6 30. Nxd8 Rxf3 31. gxf3 Rxd8 32. Kg2) 28... Qf6 (28... Qd6 $1 $17 29. Raf1 Rcf8) 29. Raf1 $15 {[#] Strongly threatening g4.} Rf8 $2 {[%mdl 8192]} ({Reject} 29... Qxb2 $6 30. Nxe6 Rxf3 31. Qxf3 $14) (29... Qe5 $1 $17 {keeps the pressure on.}) 30. g4 $18 Re5 (30... Rxf4 $142 31. Rxf4 Qxf4 32. Rxf4 Rxf4) 31. Qd3 $2 (31. Qg2 $18 Qe7 {[#]} 32. Nxd5 $1 {[%mdl 512]} Rxd5 33. Rxf8+ Qxf8 34. Rxf8+ Kxf8 35. c4 Rd1+ 36. Kh2) 31... Qd8 $16 ({But not} 31... c4 $2 32. Nxd5 exd5 33. Rxf6 $18) 32. Qd1 {[%mdl 1024] White has strong compensation.} d4 $2 {[%mdl 8192]} (32... Rg5 $16) 33. Nd3 $1 {[%csl LRe5,LRf8][%mdl 64] Discovered Attack (Double check). Accuracy: White = 47%, Black = 42%.} 1-0

[Event "NOR-chT Eliteserien 2018-19"]
[Site "Norway"]
[Date "2018.11.03"]
[Round "2.27"]
[White "Dahl, Trygve"]
[Black "Mihajlov, Sebastian"]
[Result "1/2-1/2"]
[WhiteElo "2283"]
[BlackElo "2373"]
[Annotator "broadcasts RC"]
[PlyCount "133"]
[EventDate "2018.11.02"]
[EventType "team-tourn"]
[EventCountry "NOR"]
[TimeControl "40/5400+30:1800+30"]

1. e4 c5 2. Nf3 e6 3. g3 Nc6 4. Bg2 Nf6 5. Qe2 d5 6. d3 Be7 7. O-O O-O 8. e5 Nd7 9. Nbd2 Kh8 10. h4 f6 11. exf6 Bxf6 12. Re1 b5 13. Nf1 Nd4 14. Nxd4 Bxd4 15. Ne3 b4 16. Nd1 Nb6 17. Be3 Bd7 18. c3 bxc3 19. bxc3 Bxe3 20. Nxe3 Qf6 21. Rac1 Rad8 22. Ng4 Qf5 23. Ne5 Ba4 24. f4 Nd7 25. Qf1 Nxe5 26. Rxe5 Qxe5 27. fxe5 Rxf1+ 28. Rxf1 Bb5 29. Rd1 Kg8 30. Bf1 Kf7 31. Rb1 Bc6 32. Be2 Ke7 33. d4 Rc8 34. Kf2 cxd4 35. cxd4 Ba8 36. Bd3 h6 37. Ke2 Bc6 38. Rb3 Kd7 39. Ra3 Rc7 40. Ba6 Kd8 41. Rb3 Ba4 42. Rb8+ Ke7 43. Rb2 Bc2 44. Kd2 Ba4 45. Rb7 Kd8 46. Rb8+ Ke7 47. Bd3 Be8 48. g4 g5 49. h5 a5 50. Bg6 Ba4 51. Rh8 Rc4 52. Rxh6 Rxd4+ 53. Ke3 Rf4 54. Rh7+ Kf8 55. h6 d4+ 56. Kd2 Bb5 57. Rh8+ Ke7 58. Bd3 Bxd3 59. Kxd3 Kf7 60. Rh7+ Kg6 61. Re7 Kxh6 62. Rxe6+ Kg7 63. Ra6 Rxg4 64. Rxa5 Rf4 65. e6 Kf6 66. Rxg5 Kxe6 67. a4 1/2-1/2

[Event "NOR-chT Eliteserien 2018-19"]
[Site "Norway"]
[Date "2018.11.03"]
[Round "2.28"]
[White "Getz, Nicolai"]
[Black "Soderstrom, Adrian"]
[Result "1-0"]
[WhiteElo "2392"]
[BlackElo "2023"]
[Annotator "broadcasts RC"]
[PlyCount "69"]
[EventDate "2018.11.02"]
[EventType "team-tourn"]
[EventCountry "NOR"]
[TimeControl "40/5400+30:1800+30"]

1. Nf3 d6 2. c4 Nf6 3. d4 g6 4. g3 Bg7 5. Bg2 O-O 6. O-O Nc6 7. Nc3 a6 8. h3 Rb8 9. e4 b5 10. d5 Na5 11. cxb5 axb5 12. b4 Nxd5 13. Nxd5 Bxa1 14. Bg5 Bf6 15. Bxf6 exf6 16. bxa5 Be6 17. Nd4 Bd7 18. Qc1 c5 19. Nf5 Bxf5 20. exf5 Kg7 21. Re1 Qd7 22. Qa1 Qxf5 23. g4 Qg5 24. f4 Qh4 25. g5 Rbe8 26. Qxf6+ Kg8 27. Ne7+ Rxe7 28. Rxe7 d5 29. a6 Qg3 30. a7 Qa3 31. Bxd5 Qc1+ 32. Kh2 Qd2+ 33. Bg2 Qxa2 34. Qc6 Qa4 35. Qe4 1-0

[Event "NOR-chT Eliteserien 2018-19"]
[Site "Norway"]
[Date "2018.11.03"]
[Round "2.29"]
[White "Rygg, Andreas Gangstad"]
[Black "Abdrlauf, Elham"]
[Result "1/2-1/2"]
[WhiteElo "1845"]
[BlackElo "2160"]
[Annotator "broadcasts"]
[PlyCount "129"]
[EventDate "2018.11.02"]
[EventType "team-tourn"]
[EventCountry "NOR"]
[TimeControl "40/5400+30:1800+30"]

1. e4 c6 2. d4 d5 3. Nc3 dxe4 4. Nxe4 Bf5 5. Ng3 Bg6 6. h4 h6 7. Nf3 Nd7 8. h5 Bh7 9. Bd3 Bxd3 10. Qxd3 Ngf6 11. Bd2 e6 12. O-O-O Be7 13. Ne4 Nxe4 14. Qxe4 Nf6 15. Qd3 Qd5 16. c4 Qe4 17. Qb3 O-O 18. Qxb7 Bd6 19. Qb3 Rab8 20. Qc2 Rb7 21. Rh4 Qxc2+ 22. Kxc2 Rfb8 23. b3 c5 24. Be3 cxd4 25. Nxd4 Bf8 26. f3 Rc8 27. Ne2 Be7 28. Rhh1 Nd5 29. Bd4 Nb4+ 30. Kb2 Nc6 31. Bc3 a6 32. Rd3 Kf8 33. Rhd1 Rcc7 34. Ng3 f5 35. Ne2 e5 36. Ng3 f4 37. Nf5 Bf6 38. Rd6 Kf7 39. Rxc6 Rxc6 40. Nd6+ Rxd6 41. Rxd6 Re7 42. Bb4 Re8 43. Kc2 e4 44. fxe4 Rxe4 45. Bc3 Ke7 46. Rd2 Re3 47. Bxf6+ Kxf6 48. c5 a5 49. c6 Re6 50. Kd3 Rxc6 51. Ke4 Kg5 52. Rd7 Re6+ 53. Kf3 Re3+ 54. Kf2 Kxh5 55. Rxg7 Rc3 56. Rg8 Kh4 57. Rg6 h5 58. Rg8 Rc2+ 59. Kf3 Rxa2 60. Kxf4 Rf2+ 61. Ke4 Rb2 62. g3+ Kh3 63. Rg5 Rxb3 64. Rxh5+ Kxg3 65. Rg5+ 1/2-1/2

[Event "NOR-chT Eliteserien 2018-19"]
[Site "Norway"]
[Date "2019.01.12"]
[Round "5"]
[White "Grandelius, Nils"]
[Black "Notkevich, Benjamin Arvola"]
[Result "1-0"]
[WhiteElo "2682"]
[BlackElo "2495"]
[Annotator "TA"]
[PlyCount "79"]
[EventDate "2018.11.02"]
[EventType "team-tourn"]
[EventCountry "NOR"]
[SourceTitle "playchess.com"]
[Source "ChessBase"]
[SourceQuality "1"]

{[%evp 12,79,1,-6,0,4,24,21,22,15,18,10,9,13,22,22,21,23,46,36,35,38,60,43,83,51,69,77,95,93,106,96,100,110,99,63,125,120,181,181,212,204,192,207,191,195,187,195,198,208,199,206,197,117,113,0,225,237,272,272,296,285,360,360,348,358,867,860,860,756]} 1. d4 Nf6 2. c4 e6 3. Nf3 d5 4. Nc3 Bb4 5. Bd2 O-O 6. e3 Nbd7 7. Rc1 {LiveBook: 5 Games. E51: Nimzo-Indian: Rubinstein: 4...0-0 5 Nf3 d5} c6 (7... Be7 8. Qc2 a6 9. c5 c6 10. Bd3 Qc7 11. Na4 e5 12. dxe5 Nxe5 13. Nxe5 Qxe5 14. O-O Ne4 {½-½ (60) Aleksandrov,A (2602)-Melkumyan,H (2660) Batumi 2018}) 8. Bd3 b6 9. O-O {White has an edge.} Bb7 10. Qe2 Qe7 $146 ({Predecessor:} 10... Bd6 11. e4 e5 12. cxd5 cxd5 13. Bg5 Qb8 14. dxe5 Bxe5 15. exd5 Nxd5 16. Nxe5 Qxe5 17. Qxe5 Nxe5 {1-0 (49) Krabbe,W-Jagdhuber,H (2062) Dresden 2011}) 11. a3 Bd6 12. Rfd1 Rfd8 13. e4 $36 {[%mdl 2048] White is more active.} dxe4 14. Nxe4 Nxe4 15. Bxe4 Nf6 16. Bg5 h6 17. Bxf6 $1 Qxf6 18. c5 bxc5 19. dxc5 Bf8 20. b4 Rxd1+ 21. Rxd1 Rd8 22. Rxd8 Qxd8 23. Qd2 Qxd2 ({Better is} 23... Qc7 $14) 24. Nxd2 $14 {[%mdl 4096] Endgame KBB-KBN} f5 (24... g5 $16) 25. Bf3 $1 $18 e5 26. Nc4 e4 27. Bh5 Be7 28. Na5 Ba8 29. Bg6 Bg5 30. Bxf5 Bc1 31. Nc4 Bb7 32. Nd6 (32. a4 $18) 32... Ba8 33. Nc4 (33. Be6+ $16 Kf8 34. Nc4 (34. Nxe4 Bxa3 35. Bc8 g5 $11)) 33... Bb7 {[#]} 34. a4 $1 Ba6 {[#]} 35. Na5 $1 e3 36. fxe3 Bxe3+ 37. Kh1 Be2 38. Nxc6 a6 $2 (38... g6) 39. Ne7+ Kf7 40. Nd5 {Precision: White = 69%, Black = 52%.} 1-0

[Event "NOR-chT Eliteserien 2018-19"]
[Site "Norway"]
[Date "2019.01.12"]
[Round "5"]
[White "Bosiocic, Marin"]
[Black "Lund, Gunnar"]
[Result "1-0"]
[WhiteElo "2615"]
[BlackElo "2228"]
[Annotator "TA"]
[PlyCount "117"]
[EventDate "2018.11.02"]
[EventType "team-tourn"]
[EventCountry "NOR"]
[SourceTitle "playchess.com"]
[Source "ChessBase"]
[SourceQuality "1"]

{[%evp 22,117,18,16,25,22,31,50,74,78,78,91,88,85,76,87,155,105,110,112,107,58,70,81,86,70,68,66,70,69,86,85,73,79,68,68,129,73,165,156,146,82,165,170,207,114,101,69,126,80,82,95,95,80,90,80,80,77,81,81,81,72,81,80,97,81,83,77,103,74,116,102,104,107,108,78,208,210,205,208,200,198,201,186,314,323,310,314,742,741,734,698,29989,29990,29988,29982,29979,29980]} 1. e4 e5 2. Nf3 Nc6 3. Bb5 {[%cal Bf1b5,Bb5a4,Ba4b3,Bb3d5][%mdl 32]} a6 4. Ba4 Nf6 5. O-O Be7 6. Re1 b5 7. Bb3 O-O 8. a4 Bb7 9. d3 d6 10. Nc3 b4 11. Nd5 Nxd5 12. Bxd5 {LiveBook: 28 Games} Qc8 {C88: Closed Ruy Lopez: Anti-Marshall Systems} (12... Rb8 13. Bd2 Qd7 14. a5 Nd8 15. Bc4 c5 16. c3 bxc3 17. bxc3 Ne6 18. Qc2 Bf6 19. Qa2 Nc7 20. Rab1 {0-1 (55) Kotronias,V (2587)-Radjabov,T (2682) Gothenburg 2005}) 13. Bd2 a5 14. c3 Bf6 $146 {White is slightly better.} ({Predecessor:} 14... bxc3 15. bxc3 Nd8 16. Bc4 Ba6 17. Bxa6 Qxa6 18. d4 Nc6 19. d5 Nd8 20. c4 {1-0 (34) Dominguez Gonzalez,I (2261)-Dalmau,L Barcelona 2001}) 15. Bxc6 Bxc6 16. cxb4 axb4 17. Bxb4 Qb7 18. Bc3 d5 (18... Bd7 $142) 19. Qc2 d4 20. Bd2 Bd7 21. h3 Rfc8 22. b4 Qa7 {[%cal Rd7a4]} 23. a5 c5 24. bxc5 Rxc5 25. Qa2 Be6 26. Qa4 Bd7 27. Qa3 Be7 28. Reb1 Qc7 (28... Bc8 $1 $14) 29. Rc1 (29. a6 $142 {And now Ba5 would win.} Bc8 30. a7) 29... Be6 (29... Rxc1+ $16 30. Rxc1 (30. Qxc1 Qxc1+ 31. Rxc1 Bd6 $14) 30... Bxa3 31. Rxc7 Be8) 30. Rxc5 $1 $18 Bxc5 31. Qa4 ({White should play} 31. Bb4 Bxb4 32. Qxb4) 31... f6 (31... Bd7 $16 32. Qb3 Bd6) 32. Rc1 $1 Qe7 33. Qc6 ({Better is} 33. a6 $18) 33... Rc8 $16 34. Qa6 {aiming for Bb4!} Kf7 (34... Qe8 $14) 35. Ne1 Qd6 36. Qb7+ Rc7 37. Qb1 Rc8 38. Rc2 Rb8 {[#]} 39. Rb2 $1 {[%cal Rb2b8]} Rxb2 40. Qxb2 Qa6 41. Qb8 {Black must now prevent Qc7+.} Qc8 42. Qb5 Bd7 43. Qb3+ Be6 44. Qd1 Be7 45. Qa4 Bd7 46. Qa2+ Be6 47. Qa1 Qa6 48. f4 Bc8 (48... exf4 $16 49. Qxd4 Qb5) 49. fxe5 $18 fxe5 50. Nf3 Bf6 {[#]} 51. Qc1 $1 {Hoping for Qc7+.} Qe6 52. Qc7+ Kg6 (52... Ke8 $142 53. Ng5 Bxg5 54. Bxg5 h6) 53. Be1 Ba6 54. Bg3 Bxd3 $2 (54... Qc8 55. Qd6 (55. Bxe5 Qxc7 56. Bxc7 Bxd3 $16) 55... Kf7 56. Nxe5+ Bxe5 57. Bxe5 Bxd3 58. Qxd4 Ba6) 55. Nxe5+ Bxe5 56. Bxe5 ({Less strong is} 56. Qxe5 Qxe5 57. Bxe5 Bxe4 $16) 56... Bxe4 57. Qxg7+ {White mates.} Kh5 58. Kh2 Bxg2 59. Qg4+ {Precision: White = 75%, Black = 31%.} 1-0

[Event "NOR-chT Eliteserien 2018-19"]
[Site "Norway"]
[Date "2019.01.12"]
[Round "5"]
[White "Stojanovic, Mihajlo"]
[Black "Ostmoe, Geir Sune Tallaksen"]
[Result "1/2-1/2"]
[WhiteElo "2508"]
[BlackElo "2434"]
[Annotator "ChessBase"]
[PlyCount "201"]
[EventDate "2018.11.02"]
[EventType "team-tourn"]
[EventCountry "NOR"]
[SourceTitle "playchess.com"]
[Source "ChessBase"]
[SourceQuality "1"]
[TimeControl "40/5400+30:1800+30"]

1. Nf3 {[%emt 0:00:00]} Nf6 {[%emt 0:00:00]} 2. c4 {[%emt 0:00:00]} g6 {[%emt 0:00:23]} 3. Nc3 {[%emt 0:00:00]} d5 {[%emt 0:00:12]} 4. cxd5 {[%emt 0:00:01]} Nxd5 {[%emt 0:00:05]} 5. e4 {[%emt 0:00:07]} Nxc3 {[%emt 0:01:52]} 6. dxc3 {[%emt 0:00:08]} Qxd1+ {[%emt 0:00:18]} 7. Kxd1 {[%emt 0:00:04]} f6 {[%emt 0:03:49]} 8. Be3 {[%emt 0:00:42]} e5 {[%emt 0:01:24]} 9. Kc2 {[%emt 0:00:10]} Be6 {[%emt 0:04:02]} 10. Nd2 {[%emt 0:00:11]} Nd7 {[%emt 0:04:42]} 11. Bc4 {[%emt 0:00:10]} Bxc4 {[%emt 0:20:53]} 12. Nxc4 {[%emt 0:00:07]} O-O-O {[%emt 0:00:22]} 13. b4 {[%emt 0:13:19]} h5 {[%emt 0:03:33]} 14. a4 {[%emt 0:06:56]} a6 {[%emt 0:05:14]} 15. f3 {[%emt 0:38:08]} Bh6 {[%emt 0:01:39]} 16. Bf2 {[%emt 0:05:26]} Nf8 {[%emt 0:07:41]} 17. Bh4 {[%emt 0:02:37]} Nh7 {[%emt 0:03:34]} 18. h3 {[%emt 0:06:24]} b5 {[%emt 0:08:11]} 19. axb5 {[%emt 0:00:07]} axb5 {[%emt 0:00:03]} 20. Rhd1 {[%emt 0:11:55]} Rxd1 {[%emt 0:08:50]} 21. Ra8+ {[%emt 0:00:05]} Kb7 {[%emt 0:00:05]} 22. Rxh8 {[%emt 0:00:09]} Rc1+ {[%emt 0:00:12]} 23. Kb2 {[%emt 0:01:08]} bxc4 {[%emt 0:00:08]} 24. Rxh7 {[%emt 0:00:05]} Bf4 {[%emt 0:01:10]} 25. g3 {[%emt 0:02:02]} Bd2 {[%emt 0:08:17]} 26. Bxf6 {[%emt 0:00:25]} Rxc3 {[%emt 0:00:28]} 27. Rxc7+ {[%emt 0:04:02]} Kb6 {[%emt 0:01:33]} 28. Bxe5 {[%emt 0:03:10]} Rxf3 {[%emt 0:00:32]} 29. Rxc4 {[%emt 0:00:09]} Be1 {[%emt 0:05:54]} 30. Kc2 {[%emt 0:02:19]} Kb5 {[%emt 0:03:31]} 31. Rc5+ {[%emt 0:02:09]} Kxb4 {[%emt 0:01:32]} 32. Bd6 {[%emt 0:00:23]} Rf2+ {[%emt 0:01:31]} 33. Kd1 {[%emt 0:01:50]} Rd2+ {[%emt 0:01:07]} 34. Kxe1 {[%emt 0:00:02]} Rxd6 {[%emt 0:00:04]} 35. Rg5 {[%emt 0:00:47]} Kc4 {[%emt 0:01:17]} 36. Kf2 {[%emt 0:01:42]} Kd4 {[%emt 0:01:08]} 37. e5 {[%emt 0:00:12]} Re6 {[%emt 0:00:52]} 38. Kf3 {[%emt 0:00:08]} Kd5 {[%emt 0:01:36]} 39. Ke3 {[%emt 0:01:00]} Re8 {[%emt 0:01:11]} 40. Rxg6 {[%emt 0:00:52]} Kxe5 {[%emt 0:00:25]} 41. Rg5+ {[%emt 0:07:25]} Kf6+ {[%emt 0:05:04]} 42. Kf4 {[%emt 0:00:04]} h4 {[%emt 0:09:31]} 43. g4 {[%emt 0:01:24]} Ra8 {[%emt 0:00:29]} 44. Re5 {[%emt 0:01:09]} Ra4+ {[%emt 0:11:47]} 45. Re4 {[%emt 0:00:14]} Ra5 {[%emt 0:00:29]} 46. Rb4 {[%emt 0:02:13]} Kg6 {[%emt 0:00:51]} 47. Rb6+ {[%emt 0:00:51]} Kg7 {[%emt 0:00:10]} 48. g5 {[%emt 0:01:12]} Ra4+ {[%emt 0:00:54]} 49. Kf5 {[%emt 0:00:46]} Rc4 {[%emt 0:00:42]} 50. Rb7+ {[%emt 0:01:24]} Kg8 {[%emt 0:00:16]} 51. Kg6 {[%emt 0:17:11]} Rc6+ {[%emt 0:00:06]} 52. Kh5 {[%emt 0:00:06]} Rc4 {[%emt 0:00:04]} 53. Rb1 {[%emt 0:00:17]} Kg7 {[%emt 0:00:45]} 54. Rb7+ {[%emt 0:01:24]} Kg8 {[%emt 0:00:06]} 55. Ra7 {[%emt 0:00:05]} Rb4 {[%emt 0:00:12]} 56. Kh6 {[%emt 0:01:07]} Rb6+ {[%emt 0:00:18]} 57. Kh5 {[%emt 0:00:05]} Rb4 {[%emt 0:00:03]} 58. Ra1 {[%emt 0:01:37]} Kg7 {[%emt 0:00:04]} 59. Rc1 {[%emt 0:00:08]} Ra4 {[%emt 0:00:16]} 60. Rc7+ {[%emt 0:01:04]} Kg8 {[%emt 0:00:05]} 61. Kh6 {[%emt 0:00:06]} Ra6+ {[%emt 0:00:07]} 62. Kh5 {[%emt 0:00:08]} Ra4 {[%emt 0:00:04]} 63. Rd7 {[%emt 0:00:41]} Rb4 {[%emt 0:00:05]} 64. Rd1 {[%emt 0:00:41]} Kg7 {[%emt 0:00:06]} 65. Rg1 {[%emt 0:00:19]} Rb8 {[%emt 0:04:28]} 66. Rg2 {[%emt 0:00:17]} Ra8 {[%emt 0:01:19]} 67. Rb2 {[%emt 0:00:59]} Ra4 {[%emt 0:00:11]} 68. Rb7+ {[%emt 0:00:13]} Kg8 {[%emt 0:00:23]} 69. g6 {[%emt 0:00:28]} Rc4 {[%emt 0:01:11]} 70. Kh6 {[%emt 0:00:09]} Rc8 {[%emt 0:00:04]} 71. Ra7 {[%emt 0:00:17]} Rb8 {[%emt 0:00:11]} 72. Ra5 {[%emt 0:00:34]} Rc8 {[%emt 0:00:40]} 73. Rb5 {[%emt 0:01:46]} Ra8 {[%emt 0:00:06]} 74. Kg5 {[%emt 0:00:24]} Ra4 {[%emt 0:01:19]} 75. Rc5 {[%emt 0:00:19]} Kg7 {[%emt 0:00:31]} 76. Rc7+ {[%emt 0:00:33]} Kg8 {[%emt 0:00:05]} 77. Rd7 {[%emt 0:00:36]} Rb4 {[%emt 0:00:04]} 78. Kh6 {[%emt 0:00:43]} Rb8 {[%emt 0:00:09]} 79. Rh7 {[%emt 0:00:33]} Rb3 {[%emt 0:03:36]} 80. Rg7+ {[%emt 0:00:10]} Kh8 {[%emt 0:00:15]} 81. Ra7 {[%emt 0:00:19]} Rb8 {[%emt 0:00:03]} 82. Kg5 {[%emt 0:00:42]} Rb4 {[%emt 0:00:45]} 83. Kh6 {[%emt 0:00:48]} Rb8 {[%emt 0:00:04]} 84. Kg5 {[%emt 0:00:27]} Rb4 {[%emt 0:00:05]} 85. Rh7+ {[%emt 0:00:46]} Kg8 {[%emt 0:00:04]} 86. Rc7 {[%emt 0:00:32]} Ra4 {[%emt 0:00:21]} 87. Kh6 {[%emt 0:00:08]} Ra8 {[%emt 0:00:05]} 88. Rc4 {[%emt 0:00:44]} Rb8 {[%emt 0:00:30]} 89. Rf4 {[%emt 0:00:16]} Rb3 {[%emt 0:01:22]} 90. Ra4 {[%emt 0:00:44]} Rb8 {[%emt 0:00:05]} 91. Rxh4 {[%emt 0:00:36]} Rb3 {[%emt 0:01:18]} 92. Kg5 {[%emt 0:00:06]} Rb5+ {[%emt 0:00:27]} 93. Kf6 {[%emt 0:00:07]} Rb6+ {[%emt 0:00:11]} 94. Kf5 {[%emt 0:00:09]} Rb5+ {[%emt 0:00:08]} 95. Kf6 {[%emt 0:00:15]} Rb6+ {[%emt 0:00:03]} 96. Kg5 {[%emt 0:00:13]} Rb5+ {[%emt 0:00:04]} 97. Kh6 {[%emt 0:00:49]} Rb3 {[%emt 0:00:12]} 98. Rh5 {[%emt 0:01:10]} Rg3 {[%emt 0:01:03]} 99. h4 {[%emt 0:00:21]} Rg4 {[%emt 0:00:19]} 100. g7 {[%emt 0:00:52]} Rg6+ {[%emt 0:00:07]} 101. Kxg6 {[%emt 0:00:05]} 1/2-1/2

[Event "NOR-chT Eliteserien 2018-19"]
[Site "Norway"]
[Date "2019.01.12"]
[Round "5"]
[White "Salomon, Johan"]
[Black "Nilsen, Joachim Birger"]
[Result "1-0"]
[WhiteElo "2494"]
[BlackElo "2397"]
[Annotator "ChessBase"]
[PlyCount "103"]
[EventDate "2018.11.02"]
[EventType "team-tourn"]
[EventCountry "NOR"]
[SourceTitle "playchess.com"]
[Source "ChessBase"]
[SourceQuality "1"]
[TimeControl "40/5400+30:1800+30"]

1. Nf3 {[%emt 0:00:00]} d5 {[%emt 0:00:00]} 2. d4 {[%emt 0:01:30]} c6 {[%emt 0:01:24]} 3. Bf4 {[%emt 0:01:17]} Nf6 {[%emt 0:06:58]} 4. e3 {[%emt 0:01:59]} g6 {[%emt 0:05:34]} 5. c4 {[%emt 0:01:38]} Bg7 {[%emt 0:00:58]} 6. Be2 {[%emt 0:02:28]} O-O {[%emt 0:00:57]} 7. O-O {[%emt 0:00:12]} c5 {[%emt 0:08:42]} 8. dxc5 {[%emt 0:02:44]} Na6 {[%emt 0:03:36]} 9. Nc3 {[%emt 0:01:47]} dxc4 {[%emt 0:02:15]} 10. c6 {[%emt 0:02:13]} bxc6 {[%emt 0:05:38]} 11. Ne5 {[%emt 0:01:57]} Qxd1 {[%emt 0:03:39]} 12. Rfxd1 {[%emt 0:01:29]} Nb4 {[%emt 0:05:24]} 13. Bxc4 {[%emt 0:06:51]} Bb7 {[%emt 0:12:51]} 14. Nd7 {[%emt 0:03:44]} Rfe8 {[%emt 0:03:33]} 15. Nc5 {[%emt 0:00:56]} Bc8 {[%emt 0:02:56]} 16. Be5 {[%emt 0:07:14]} Nbd5 {[%emt 0:05:23]} 17. h3 {[%emt 0:17:17]} Nb6 {[%emt 0:09:57]} 18. Be2 {[%emt 0:02:16]} Nfd7 {[%emt 0:02:33]} 19. Bxg7 {[%emt 0:02:03]} Kxg7 {[%emt 0:00:08]} 20. N3e4 {[%emt 0:04:10]} Rb8 {[%emt 0:02:59]} 21. Rac1 {[%emt 0:04:04]} Nd5 {[%emt 0:04:17]} 22. Rd2 {[%emt 0:01:08]} N7b6 {[%emt 0:02:19]} 23. Nb3 {[%emt 0:01:14]} Na4 {[%emt 0:03:13]} 24. Nec5 {[%emt 0:02:05]} Nxc5 {[%emt 0:00:52]} 25. Rxc5 {[%emt 0:01:28]} Rb6 {[%emt 0:04:26]} 26. Na5 {[%emt 0:06:41]} Bd7 {[%emt 0:00:45]} 27. Nc4 {[%emt 0:00:15]} Rb7 {[%emt 0:00:45]} 28. Ne5 {[%emt 0:00:50]} Be6 {[%emt 0:00:07]} 29. Nxc6 {[%emt 0:02:23]} Rc7 {[%emt 0:00:22]} 30. Bf3 {[%emt 0:01:03]} Rec8 {[%emt 0:01:43]} 31. Bxd5 {[%emt 0:00:17]} Bxd5 {[%emt 0:00:04]} 32. Rdxd5 {[%emt 0:00:11]} Rxc6 {[%emt 0:00:04]} 33. Rxc6 {[%emt 0:00:59]} Rxc6 {[%emt 0:00:02]} 34. Ra5 {[%emt 0:00:11]} Rc7 {[%emt 0:01:40]} 35. g4 {[%emt 0:01:21]} Kf6 {[%emt 0:00:34]} 36. Kg2 {[%emt 0:01:20]} Ke6 {[%emt 0:00:41]} 37. b4 {[%emt 0:01:58]} Kd7 {[%emt 0:00:33]} 38. Kf3 {[%emt 0:00:59]} Ke6 {[%emt 0:00:17]} 39. a3 {[%emt 0:00:48]} Kf6 {[%emt 0:00:40]} 40. Kf4 {[%emt 0:03:35]} Rc4+ {[%emt 0:00:30]} 41. e4 {[%emt 0:33:15]} Rc7 {[%emt 0:30:25]} 42. Ra6+ {[%emt 0:00:20]} Kg7 {[%emt 0:00:15]} 43. Ke5 {[%emt 0:04:18]} g5 {[%emt 0:00:00]} 44. Kf5 {[%emt 0:00:00]} h6 {[%emt 0:00:00]} 45. Ke5 {[%emt 0:00:00]} Rd7 {[%emt 0:00:00]} 46. f4 {[%emt 0:00:00]} gxf4 {[%emt 0:00:00]} 47. Kxf4 {[%emt 0:00:00]} f6 {[%emt 0:00:00]} 48. e5 {[%emt 0:00:00]} Rd4+ {[%emt 0:00:00]} 49. Ke3 {[%emt 0:00:00]} fxe5 {[%emt 0:00:00]} 50. Rxa7 {[%emt 0:00:00]} Kf6 {[%emt 0:00:00]} 51. b5 {[%emt 0:00:00]} Rd1 {[%emt 0:00:00]} 52. Ra4 {[%emt 0:00:00]} 1-0